| 000 | 00843cam a22002891 4500 | ||
|---|---|---|---|
| 001 | 10011 | ||
| 003 | BD-RjUL | ||
| 005 | 20211208234858.0 | ||
| 008 | 140122s1961 xx a 001 0 eng d | ||
| 035 | _a(BD-RjUL)10058 | ||
| 035 | _a(OCoLC)1459686 | ||
| 040 |
_aDLC _cFM _dOCoLC _dUk _d(BD-RjUL) _beng |
||
| 041 | _aeng | ||
| 082 |
_a621.483 _216 _bSCC 1961 |
||
| 100 | 1 |
_aSchultz, Mortimer A., _930906 |
|
| 245 | 1 | 0 |
_aControl of nuclear reactors and power plants./ _cSchultz,M.A |
| 250 | _a2d ed. | ||
| 260 |
_aNew York,: _bMcGraw-Hill, _c1961. |
||
| 300 |
_aix,462 p. : _billus. ; _c24 cm. |
||
| 490 | 0 | _aMcGraw-Hill series in nuclear engineering | |
| 504 | _aIncludes index. | ||
| 650 | 0 |
_aNuclear reactors. _930907 |
|
| 650 | 0 |
_aNuclear power plants. _930908 |
|
| 942 |
_2ddc _cBK |
||
| 999 |
_c10011 _d10011 |
||